Understanding digital cameras: getting the best image from capture to output. (Record no. 159561)

MARC details
000 -LEADER
fixed length control field 00604nam a2200205Ia 4500
003 - CONTROL NUMBER IDENTIFIER
control field OSt
005 - DATE AND TIME OF LATEST TRANSACTION
control field 20230412105446.0
008 - FIXED-LENGTH DATA ELEMENTS--GENERAL INFORMATION
fixed length control field 210423s2007 xx 000 0 und d
020 ## - INTERNATIONAL STANDARD BOOK NUMBER
International Standard Book Number 9780240520247
040 ## - CATALOGING SOURCE
Transcribing agency AL
041 ## - LANGUAGE CODE
Language code of text/sound track or separate title eng
082 ## - DEWEY DECIMAL CLASSIFICATION NUMBER
Classification number 771.3 TARJ
100 ## - MAIN ENTRY--PERSONAL NAME
Personal name TARRANT (Jon).
9 (RLIN) 86692
245 ## - TITLE STATEMENT
Title Understanding digital cameras: getting the best image from capture to output.
260 ## - PUBLICATION, DISTRIBUTION, ETC.
Place of publication, distribution, etc. Amsterdam
Name of publisher, distributor, etc. Elsevier India
Date of publication, distribution, etc. 2007
300 ## - PHYSICAL DESCRIPTION
Extent xi,346
Other physical details PB
365 ## - TRADE PRICE
Price amount 1653
Currency code INR
906 ## - LOCAL DATA ELEMENT F, LDF (RLIN)
a best ; cameras: ; capture ; digital ; getting ; image ; output. ; Understanding
942 ## - ADDED ENTRY ELEMENTS (KOHA)
Source of classification or shelving scheme Dewey Decimal Classification
Koha item type Book
Holdings
Withdrawn status Lost status Damaged status Not for loan Collection code Home library Current library Date acquired Source of acquisition Cost, normal purchase price Total Checkouts Full call number Barcode Date last seen Price effective from Koha item type
        MAJMC St Aloysius PG Library St Aloysius PG Library 07/22/2011 Athulya Books 1653.00   771.3 TARJ PG006039 08/24/2022 04/26/2021 Book